000 00595nam a2200229Ia 4500
003 OSt
005 20220918200349.0
006 a|||||r|||| 00| 0
007 ta
008 220917b |||||||| |||| 00| 0 eng d
024 _a88,507
037 _cTextual
040 _aARTS
_cARTS
_beng
041 _2eng
_aeng
082 _aT4v55:M, 113K0
100 _aWeschedel Wilhelm
_993835
245 0 _aIdee und wirklichkeit einer universitat
260 _c1960
650 _aHIGHER EDUCATION
942 _hT4v55:M, 113K0
_cTEXL
_2CC
999 _c212195
_d212195